书目信息 |
| 题名: |
药理学
|
|
| 作者: | 金有豫 | |
| 分册: | ||
| 出版信息: | 中国和平出版社 1996.12 |
|
| 页数: | 232页 | |
| 开本: | 16开 | |
| 丛书名: | ||
| 单 册: | ||
| 中图分类: | R964.3 | |
| 科图分类: | ||
| 主题词: | 药理学 | |
| 电子资源: | ||
| ISBN: | 7-7801-0713-2 | |
| 000 | 00485nam0 2200181 45 | |
| 001 | 9911301546 | |
| 005 | 19991130154336.2 | |
| 010 | @a7-7801-0713-2@d15.50 | |
| 100 | @a19991130d1996 km y0chiy0120 ea | |
| 101 | @achi | |
| 105 | @a z 000yy | |
| 200 | 1 | @a药理学@AYao Li Xue@f金有豫@FJin You Yu |
| 210 | @c中国和平出版社@d1996.12 | |
| 215 | @a232页@c无图表@d16开 | |
| 606 | 0 | @a药理学 |
| 690 | @aR964.3@v3 | |
| 801 | @aCN@bPerfectUser@c19991130 | |
| 905 | @aBZT@b67243-247@f5@dR964.3@e8 | |
| 药理学/金有豫.-中国和平出版社,1996.12 |
| 232页:无图表;16开 |
| ISBN 7-7801-0713-2:15.50 |
| ● |
| 相关链接 |
|
|
|
正题名:药理学
索取号:R964.3/8
 
预约/预借
| 序号 | 登录号 | 条形码 | 馆藏地/架位号 | 状态 | 备注 |
| 1 | 67243 | 200534813 | 中心书库中库/ 中库015架A面7列1层19/ [索取号:R964.3/8] | 在馆 | |
| 2 | 67244 | 200534840 | 中心书库中库/ 中库015架A面7列1层24/ [索取号:R964.3/8] | 在馆 | |
| 3 | 67245 | 200171474 | 中心书库中库/ 中库015架A面7列1层22/ [索取号:R964.3/8] | 在馆 | |
| 4 | 67246 | 200534831 | 中心书库中库/ 中库015架A面7列1层13/ [索取号:R964.3/8] | 在馆 | |
| 5 | 67247 | 200534822 | 中心书库中库/ 中库015架A面7列1层25/ [索取号:R964.3/8] | 在馆 |